书目信息 |
| 题名: |
电动自行车维修一本通
|
|
| 作者: | 陈忠民 主编 | |
| 分册: | ||
| 出版信息: | 合肥 安徽科学技术出版社 2020.04 |
|
| 页数: | 323页 | |
| 开本: | 21cm | |
| 丛书名: | “高薪技能状元行”系列 | |
| 单 册: | ||
| 中图分类: | U484.07 | |
| 科图分类: | ||
| 主题词: | 电动自行车--dian dong zi xing che--维修 | |
| 电子资源: | ||
| ISBN: | 978-7-5337-8211-5 | |
| 000 | 01057nam 2200265 450 | |
| 001 | CAL 0120202984069 | |
| 005 | 20230217093112.0 | |
| 010 | @a978-7-5337-8211-5@dCNY32.00 | |
| 100 | @a20200514d2020 em y0chiy0120 ea | |
| 101 | 0 | @achi |
| 102 | @aCN@b340000 | |
| 105 | @aa a 000yy | |
| 106 | @ar | |
| 200 | 1 | @a电动自行车维修一本通@Adian dong zi xing che wei xiu yi ben tong@f陈忠民主编 |
| 210 | @a合肥@c安徽科学技术出版社@d2020.04 | |
| 215 | @a323页@c图@d21cm | |
| 225 | 2 | @a“高薪技能状元行”系列@A“ gao xin ji neng zhuang yuan xing ”xi lie |
| 320 | @a有书目 (第323页) | |
| 330 | @a本书系统介绍电动自行车维修基础知识、典型电动自行车结构特点、电动自行车维护保养知识、电动自行车维修基本技能、电动自行车常见故障诊断、电动自行车典型故障案例分析、常见车型电气电路图, 以及电动自行车维修工常用的知识等。 | |
| 410 | 0 | @12001 @a“高薪技能状元行”系列 |
| 606 | 0 | @a电动自行车@Adian dong zi xing che@x维修 |
| 690 | @aU484.07@v5 | |
| 701 | 0 | @a陈忠民@Achen zhong min@4主编 |
| 801 | 0 | @aCN@bBJXHZP@c20230228 |
| 905 | @b1383699-702@dU484.07@e1113@f4 | |
| 电动自行车维修一本通/陈忠民主编.-合肥:安徽科学技术出版社,2020.04 |
| 323页:图;21cm.-(“高薪技能状元行”系列) |
| ISBN 978-7-5337-8211-5:CNY32.00 |
| 本书系统介绍电动自行车维修基础知识、典型电动自行车结构特点、电动自行车维护保养知识、电动自行车维修基本技能、电动自行车常见故障诊断、电动自行车典型故障案例分析、常见车型电气电路图, 以及电动自行车维修工常用的知识等。 |
| ● |
| 相关链接 |
|
|
|
|
正题名:电动自行车维修一本通
索取号:U484.07/1113
 
预约/预借
| 序号 | 登录号 | 条形码 | 馆藏地/架位号 | 状态 | 备注 |
| 1 | 1383699 | 213836991 | 第二样本阅览室/ [索取号:U484.07/1113] | 在馆 | |
| 2 | 1383700 | 213837008 | 第三借阅区/ [索取号:U484.07/1113] | 在馆 | |
| 3 | 1383701 | 213837017 | 第三借阅区/ [索取号:U484.07/1113] | 在馆 | |
| 4 | 1383702 | 213837026 | 第三借阅区/ [索取号:U484.07/1113] | 在馆 |